| 000 | 00555nam a2200193 i 4500 | ||
|---|---|---|---|
| 001 | 70566 | ||
| 003 | ES-MaACL | ||
| 005 | 20230906170845.0 | ||
| 007 | t| | ||
| 008 | 040728s1958 mr ||||1| spa d | ||
| 100 | 1 |
_aGarcía Viñó, M. _955416 |
|
| 245 | 1 | 0 |
_aEncontrado paraiso _b: poema / _cManuel García Viñó. |
| 260 |
_aTetuán : _b[s.n., _c1958] ( _fCremades) |
||
| 300 |
_a62 p. ; _c23 cm. |
||
| 490 | 1 |
_aMirto y laurel ; _v907 |
|
| 830 | 0 |
_aMirto y laurel ; _v907 _9183307 |
|
| 852 |
_aES-MaACL _j2014-F-15 _bR.44888 |
||
| 999 |
_c70566 _d70566 |
||